000 00502nam a2200169 i 4500
001 61482
003 ES-MaACL
005 20230906164451.0
007 t|
008 031112s1971 sp ||||1| spa d
100 1 _aExquemelin, Alexandre Olivier.
_948430
245 1 0 _aPiratas de América /
_cExquemelin ; [traducción del Dr. de la Buena Maison].
260 _aBarcelona :
_bBarral,
_c[1971]
300 _a225 p. ;
_c18 cm.
700 1 _aBuena Maison.
_932360
852 _aES-MaACL
_jC-45325
_bR.77821
999 _c61482
_d61482